[Event "Parsvnath ch-Commonwealth"]
[Site "New Delhi IND"]
[Date "2007.12.09"]
[Round "9"]
[White "Saravanan,V1"]
[Black "Saravana,Kr"]
[Result "1/2-1/2"]
[WhiteElo "2374"]
[BlackElo "2261"]

1.Nf3 Nf6 2.c4 c5 3.Nc3 d5 4.cxd5 Nxd5 5.d4 Nxc3 6.bxc3 g6 7.e3 Bg7 8.Bd3 O-O
9.O-O Nc6 10.Qe2 Re8 11.Rd1 cxd4 12.cxd4 Bg4 13.Bb2 Qa5 14.Bc4 Qf5 15.h3 Bxf3
16.Qxf3 Qxf3 17.gxf3 Rac8 18.Rac1 Red8 19.f4 e6 20.Kf1 Bf6 21.Ke2 Rd7 22.Bd3 Rdc7
23.Be4 b5 24.Rc5 Nb4 25.Rxb5 Nxa2 26.Ra1 Nc3+ 27.Bxc3 Rxc3 28.Rxa7 R3c7 29.Rbb7 Rxb7
30.Rxb7 Rd8 31.Bc6 Kf8 32.Kd3 Be7 33.Ke4 Rc8 34.d5 exd5+ 35.Bxd5 Rc2 36.Kf3 f5
37.Kg3 Rd2 38.Be6 Rd1 39.Ra7 Rd6 40.Bb3 h6 41.Bc4 Rc6 42.Bd5 Rd6 43.Ba2 Rd2
44.Bc4 Rc2 45.Be6 Rc6 46.Bd5 Rd6 47.e4 fxe4 48.Bxe4 Rf6 49.Ra8+  1/2-1/2

[Event "Parsvnath ch-Commonwealth"]
[Site "New Delhi IND"]
[Date "2007.12.09"]
[Round "9"]
[White "Anusha,N"]
[Black "Padmini,R"]
[Result "0-1"]
[WhiteElo "1843"]
[BlackElo "2226"]

1.Nf3 Nf6 2.c4 c5 3.Nc3 g6 4.e4 d6 5.d4 cxd4 6.Nxd4 Bg7 7.Be2 O-O 8.O-O Nc6
9.Be3 a6 10.Rc1 Bd7 11.f3 Rc8 12.Qd2 h5 13.Nd5 e6 14.Nxc6 Bxc6 15.Bb6 Qd7
16.Nxf6+ Bxf6 17.Rfd1 Rfe8 18.b3 Be7 19.Bd4 Bf8 20.Bf6 e5 21.Bd3 Re6 22.Bg5 Qe8
23.Re1 f6 24.Be3 Kh7 25.Qf2 g5 26.Qg3 Rc7 27.c5 dxc5 28.Bc4 Rd6 29.Bxc5 Rd2
30.Be3 Rxa2 31.Rcd1 Rd7 32.Qh3 Kh6 33.Be6 Rd6 34.Rxd6 Bxd6 35.Qf5 Qg6 36.Qh3 Qg7
37.Rd1 Qe7 38.Bg4 Be8 39.Be6 Bc5 40.Bxc5 Qxc5+ 41.Kh1 Qd4 42.Rg1 Rd2 43.g3 Kg7
44.Bd5 Qf2 45.Rf1 Qb6 46.Qc8 Qb5 47.Qc7+ Bd7 48.Bc4 Qb4 49.Qb8 Qf8 50.Qxb7 h4
51.gxh4 a5 52.hxg5 fxg5 53.Qb6 Qf4 54.Qg1 Bg4 55.Qg3 Bd7 56.Qxf4 gxf4 57.Kg1 Bh3
58.Ra1 Rg2+ 59.Kh1 Rd2 60.Kg1 Rg2+ 61.Kh1 Rf2 62.Rxa5 Rxf3 63.Rxe5 Rf2 64.Rh5 Rf3
65.Rg5+ Kf6 66.Rh5 Rc3 67.Kg1 Bg4 68.Ra5 f3 69.Ra2 Ke5 70.Bd5 Rc1+ 71.Kf2 Rh1
72.Ke3 Re1+ 73.Kf2 Rc1 74.Ke3 Rc3+ 75.Kf2 Kf4 76.b4 Rc1 77.b5 Rh1 78.b6 Rxh2+
79.Kg1 Rxa2 80.Bxa2 Kg3 81.Bc4 f2+  0-1

[Event "It"]
[Site "Podgorica MNE"]
[Date "2007.12.14"]
[Round "6"]
[White "Nikcevic,N"]
[Black "Nestorovic,N"]
[Result "1/2-1/2"]
[WhiteElo "2421"]
[BlackElo "2436"]

1.Nf3 Nf6 2.c4 c5 3.Nc3 b6 4.e4 d6 5.d4 cxd4 6.Nxd4 Bb7 7.f3 e6 8.Be2 a6
9.O-O Qc7 10.Be3 Be7 11.Qd2 O-O 12.Rfc1 Nbd7 13.a4 Rab8 14.Kh1  1/2-1/2

[Event "TCh-HUN 2007-8"]
[Site "Budapest HUN"]
[Date "2007.12.16"]
[Round "5"]
[White "Bernei,A"]
[Black "Mikhalchishin,M"]
[Result "1/2-1/2"]
[WhiteElo "2274"]
[BlackElo "2320"]

1.Nf3 Nf6 2.c4 c5 3.Nc3 d5 4.cxd5 Nxd5 5.g3 Nc6 6.Bg2 Nc7 7.O-O e5 8.d3 Be7
9.Nd2 Bd7 10.Nc4 f6 11.a4 O-O 12.f4 exf4 13.gxf4 f5 14.Be3 Be6 15.Bf2 Nd5
16.Nxd5 Bxd5 17.e4 fxe4 18.Ne3 Be6 19.f5 Bf7 20.Bxe4 Bf6 21.Ng4 Bd4 22.Qf3 Qg5
23.Kh1 Bh5 24.h3 Ne5 25.Qg3 Bxg4 26.Bxd4 Bf3+ 27.Rxf3 Nxf3 28.Qxg5 Nxg5 29.Bxc5 Rfe8
30.Bxb7 Rad8 31.h4 Nh3 32.Be4 Nf4 33.Ra3 Rd7 34.b4 Re5 35.Bf2 Rc7 36.Bg3 Rc1+
37.Kh2 Rc2+ 38.Kh1 Rc1+ 39.Kh2 Rc2+ 40.Kh1  1/2-1/2

[Event "16th Donau Open"]
[Site "Aschach Donau AUT"]
[Date "2007.12.28"]
[Round "4"]
[White "Szuhanek,R"]
[Black "Rapport,R"]
[Result "1/2-1/2"]
[WhiteElo "2485"]
[BlackElo "2197"]

1.Nf3 Nf6 2.c4 c5 3.Nc3 e6 4.g3 b6 5.Bg2 Bb7 6.O-O Be7 7.Re1 d5 8.cxd5 Nxd5
9.e4 Nb4 10.d4 cxd4 11.Nxd4 N8c6 12.Be3 Nxd4 13.Bxd4 O-O 14.Re2 Nc6 15.Rd2 Nxd4
16.Rxd4 Qb8 17.Rd7 Rd8 18.Qa4 Rxd7 19.Qxd7 Bb4 20.Rc1 Qc8 21.Qa4 Be7 22.Ne2 Qd8
23.Rd1 Qc8 24.Rc1 Qd8 25.Rd1 Qc8 26.e5 Bxg2 27.Kxg2 Qb7+ 28.Kg1 b5 29.Qd4 Qb6
30.Qe4 Rd8 31.Rxd8+ Bxd8 32.Nc3 h6 33.Kg2 Bc7 34.b4 a6 35.Qa8+ Kh7 36.Qe4+ Kg8
37.Ne2 Bb8 38.Nc1 Bxe5 39.Qa8+ Kh7 40.Qe4+ g6 41.Nd3 Bd4 42.f4 Kg7 43.g4 Qd6
44.h3 Ba7 45.Qe5+ Qxe5 46.fxe5 Bd4 47.Kf3 Kf8 48.Ke4 Bc3 49.Nc5 Bxb4 50.Nxa6 Bc3
51.a3 Bb2 52.Nc7 Bxa3 53.Nxb5 Bb4 54.Nd4 Ke8 55.h4 h5 56.gxh5 gxh5 57.Ne2 Be1  1/2-1/2

[Event "16th Donau Open"]
[Site "Aschach Donau AUT"]
[Date "2007.12.29"]
[Round "5"]
[White "Bernal Moro,L"]
[Black "Sandhoefner,F"]
[Result "1-0"]
[WhiteElo "2443"]
[BlackElo "2253"]

1.c4 Nf6 2.Nc3 c5 3.Nf3 d5 4.cxd5 Nxd5 5.e3 Nc6 6.Bb5 Nb4 7.d4 a6 8.Bxc6+ Nxc6
9.d5 Na5 10.e4 g6 11.O-O Bg7 12.Bf4 O-O 13.Rc1 b6 14.b3 Bb7 15.Qd2 Rc8 16.Rfd1 b5
17.Bh6 Ba8 18.Bxg7 Kxg7 19.Qe3 Qb6 20.Ne2 Rfd8 21.Nf4 Nb7 22.e5 Qa5 23.Ng5 c4
24.Qh3 h6 25.Nxf7 Kxf7 26.Qe6+  1-0

[Event "16th Donau Open"]
[Site "Aschach Donau AUT"]
[Date "2007.12.31"]
[Round "7"]
[White "Szuhanek,R"]
[Black "Jurek,J"]
[Result "1/2-1/2"]
[WhiteElo "2485"]
[BlackElo "2351"]

1.Nf3 Nf6 2.c4 c5 3.Nc3 e6 4.g3 b6 5.Bg2 Bb7 6.O-O Be7 7.Re1 Ne4 8.Nxe4 Bxe4
9.d3 Bb7 10.e4 Nc6 11.d4 cxd4 12.Nxd4 Nxd4 13.Qxd4 O-O 14.b3 Bc5 15.Qc3 Qe7
16.Bd2 a5 17.Qd3 Rad8 18.Rad1 Bc6 19.Re2 f6 20.Bf4 e5 21.Be3 Rb8 22.Bh3 Rfd8
23.Bg4 Kf8 24.h4 Bxe3 25.Qxe3 Qc5 26.Qd2 Qb4 27.Qe3 Qc5 28.Qd2 Qb4 29.Qc1 Qc5
30.Bf5 h6 31.Red2 Ke7 32.Qc3 d6 33.h5 Be8 34.Qf3 Bf7 35.Qg4 b5 36.cxb5 Rxb5
37.Kg2 Kf8 38.Be6 Rb4 39.Rd5 Qc7 40.Bxf7 Kxf7 41.Qe2 a4 42.R1d3 axb3 43.axb3 Qb6
44.Qd1 Ke7 45.f3 Rd7 46.Kh3 Rd8 47.Qc2 Rd7 48.Rc3 Qg1 49.Rd1 Qa7 50.Rc8 Rb8
51.Rc1 Qb7 52.Rxb8 Qxb8 53.Qc4 Rb7 54.Rc3 Qe8 55.Kh4 Kf8 56.Qd5 Rd7 57.Rc6 Qe7
58.Kh3 Qf7 59.Rxd6 Qxh5+ 60.Kg2 Rxd6 61.Qxd6+ Kf7 62.b4 Qg5 63.Qd7+ Kf8 64.b5 Qe3
65.Qc8+ Kf7 66.Qc2 h5 67.Qb2 Qb6 68.Qb3+ Kg6 69.Qd3 Kh6 70.f4 exf4 71.gxf4 g5
72.fxg5+ Kxg5 73.Qd5+ Kh6 74.e5 Qe3 75.exf6 Qe2+ 76.Kg3 Qe3+ 77.Qf3 Qg5+
78.Kh3 Qxb5 79.f7 Qd7+ 80.Kh2 Qd6+ 81.Kh1 Kg7 82.Qxh5 Qe7  1/2-1/2

[Event "Petrovskaya Ladya IM"]
[Site "Peterhof RUS"]
[Date "2008.01.06"]
[Round "6"]
[White "Grebenshikov,V"]
[Black "Khamitskiy,S"]
[Result "1-0"]
[WhiteElo "2286"]
[BlackElo "2367"]

1.c4 c5 2.Nc3 Nf6 3.Nf3 d5 4.cxd5 Nxd5 5.Qb3 Nc7 6.Ne5 e6 7.g3 Nd7 8.Nxd7 Qxd7
9.Bg2 Rb8 10.a4 b6 11.O-O Bb7 12.Bxb7 Rxb7 13.d3 Be7 14.a5 b5 15.a6 Rb6 16.Ra5 O-O
17.Bf4 Nd5 18.Bd2 Rc8 19.Rc1 c4 20.dxc4 bxc4 21.Qa4 Qxa4 22.Nxa4 Rb3 23.e4 Bb4
24.Bxb4 Nxb4 25.Rb5 g6 26.Nc5 Rxb2 27.Rxc4 e5 28.Rb7 Rc6 29.Kg2 Rf6 30.Rcxb4 Rfxf2+
31.Kh3 Rxh2+ 32.Kg4 Rbf2 33.Nd3 h5+ 34.Kg5 h4 35.g4 Kg7 36.Nxf2 Rxf2 37.Kxh4  1-0

[Event "TCh-AUT 1st Bundesliga 2007-8"]
[Site "Jenbach AUT"]
[Date "2008.01.10"]
[Round "4"]
[White "Buhmann,R"]
[Black "Polzin,R"]
[Result "1-0"]
[WhiteElo "2570"]
[BlackElo "2504"]

1.Nf3 Nf6 2.c4 c5 3.Nc3 g6 4.d4 cxd4 5.Nxd4 Bg7 6.e4 d6 7.Be2 O-O 8.O-O Nc6
9.Be3 Nxd4 10.Bxd4 Bd7 11.Qd2 Bc6 12.Bd3 e6 13.Rfe1 Qe7 14.Rad1 Rfd8 15.Bb1 Qf8
16.f3 b6 17.Qg5 h6 18.Qh4 Ne8 19.Bxg7 Qxg7 20.f4 Rac8 21.Re3 a6 22.a4 Rd7
23.Rh3 Nf6 24.f5 Kh7 25.fxg6+ fxg6 26.Rf3 Rf8 27.Rdf1 Rdf7 28.Qf2 b5 29.axb5 axb5
30.cxb5 Bb7 31.Ba2 Bc8 32.b6 Ba6 33.Bxe6 Bxf1 34.Bxf7 Qxf7 35.Nd5  1-0

[Event "11th ZNG111 Open"]
[Site "Rijeka CRO"]
[Date "2008.01.12"]
[Round "5"]
[White "Jezidzic,G"]
[Black "Orenda,O"]
[Result "0-1"]
[WhiteElo "2224"]
[BlackElo "2120"]

1.c4 c5 2.Nf3 Nf6 3.Nc3 d5 4.cxd5 Nxd5 5.e4 Nb4 6.Bc4 Nd3+ 7.Ke2 Nxc1+ 8.Rxc1 Nc6
9.Qb3 e6 10.Rhd1 Be7 11.Bb5 O-O 12.Kf1 Nd4 13.Nxd4 cxd4 14.Ne2 a6 15.Bd3 e5
16.a4 Bd7 17.f4 exf4 18.Bc4 b5 19.axb5 Bxb5 20.Nxf4 Bd6 21.Nd5 Qh4 22.Qf3 Qxh2
23.Bxb5 axb5 24.Ke2 Qe5 25.g4 Rae8 26.Kd3 Rc8 27.Rf1 f6 28.Rxc8 Rxc8 29.Qf5 Qxf5
30.exf5 Rc5 31.Ke4 d3 32.b3 Rc2 33.Kxd3 Rb2 34.Kc3 Ra2 35.Re1 Be5+ 36.d4 Bh2
37.Re8+ Kf7 38.Re7+ Kf8 39.Rb7 Rg2 40.Nb6 Rxg4 41.Nd7+ Ke8 42.Nc5 Bg1 43.Ne6 g6
44.Rxh7 gxf5 45.d5 b4+ 46.Kd3 Re4 47.Ng7+ Kd8 48.Ne6+ Ke8 49.Rg7 Bh2 50.Rh7 Bg1
51.Rg7 Bh2 52.Rg2 Be5 53.Ng7+ Kf8 54.Nxf5 Rf4 55.Ne3 Rd4+ 56.Ke2 Bf4 57.Rf2 Bg5
58.Rf5 Re4 59.Rf3 Ke7 60.Kd3 Rxe3+ 61.Rxe3+ Bxe3 62.Kc4 Kd6  0-1

[Event "TCh-AUT 1st Bundesliga 2007-8"]
[Site "Jenbach AUT"]
[Date "2008.01.13"]
[Round "7"]
[White "Buhmann,R"]
[Black "Atlas,V"]
[Result "1/2-1/2"]
[WhiteElo "2570"]
[BlackElo "2473"]

1.Nf3 c5 2.c4 Nf6 3.Nc3 b6 4.d4 cxd4 5.Nxd4 Bb7 6.Bg5 e6 7.Ndb5 d6 8.Bf4 e5
9.Bg5 a6 10.Bxf6 gxf6 11.Na3 b5 12.cxb5 d5 13.e3 d4 14.bxa6 Bc6 15.exd4 Bxa3
16.bxa3 exd4 17.Nb5 O-O 18.Nxd4 Qa5+ 19.Qd2 Qe5+ 20.Qe3 Qa5+ 21.Qd2 Qe5+
22.Be2 Rd8 23.Rd1 Ba4 24.f4 Qe4 25.Qd3 Qxf4 26.Ne6 Rxd3 27.Nxf4 Rxd1+ 28.Bxd1 Bxd1
29.Kxd1 Nxa6 30.Rf1 Nc7 31.Rf3 Nb5 32.Rb3 Nxa3 33.Rb4 Rd8+ 34.Kc1 Rc8+ 35.Kb2 Nc4+
36.Kc3 Na5+ 37.Kd3 Nc6 38.Rb2 Ne5+ 39.Ke2 Kg7 40.Nd3 Nc4 41.Rb4 Ne5 42.Rb2 Rc4
43.Nf2 f5 44.Kd1 f4  1/2-1/2

[Event "TCh-AUT 1st Bundesliga 2007-8"]
[Site "Jenbach AUT"]
[Date "2008.01.13"]
[Round "7"]
[White "Dizdar,G"]
[Black "Ftacnik,L"]
[Result "1/2-1/2"]
[WhiteElo "2564"]
[BlackElo "2542"]

1.Nf3 c5 2.c4 Nf6 3.Nc3 e6 4.g3 b6 5.Bg2 Bb7 6.O-O Be7 7.b3 O-O 8.Bb2 d5
9.e3 dxc4 10.bxc4 Nc6 11.Qe2 a6 12.Rfd1 Qc7 13.Rab1 Rfd8 14.Ba1 Rab8 15.Bh3 Na5
16.d3  1/2-1/2

[Event "Corus C"]
[Site "Wijk aan Zee NED"]
[Date "2008.01.14"]
[Round "3"]
[White "Van der Werf,M"]
[Black "Carlsson,P"]
[Result "1/2-1/2"]
[WhiteElo "2389"]
[BlackElo "2501"]

1.Nf3 Nf6 2.c4 c5 3.Nc3 e6 4.g3 b6 5.Bg2 Bb7 6.O-O Be7 7.b3 O-O 8.Bb2 d6
9.d4 cxd4 10.Nxd4 Bxg2 11.Kxg2 Qc8 12.e3 Nc6 13.Nxc6 Qxc6+ 14.Qf3 Rfc8 15.Rfd1 a6
16.Rac1 Ra7 17.Qxc6 Rxc6 18.f4 Rac7 19.Kf3 Ne8 20.Ne2 Rc8 21.g4 Bf6 22.Ba3 h6
23.Bb4 a5 24.Be1 a4 25.h4 g6 26.g5 hxg5 27.hxg5 Bg7 28.Bb4 Ra8 29.Rd2 axb3
30.axb3 b5 31.cxb5 Rb6 32.Nc3 Bxc3 33.Bxc3 Rxb5 34.Rh1 Ng7 35.Bxg7 Kxg7 36.Rxd6  1/2-1/2

[Event "115th ch-NZL"]
[Site "Auckland NZL"]
[Date "2008.01.15"]
[Round "1"]
[White "Croad,N"]
[Black "Stuart,P"]
[Result "1-0"]
[WhiteElo "2313"]
[BlackElo "2114"]

1.Nf3 c5 2.c4 Nf6 3.Nc3 b6 4.g3 Bb7 5.Bg2 e6 6.O-O Be7 7.Re1 d6 8.e4 a6 9.d4 cxd4
10.Nxd4 Qc7 11.Be3 O-O 12.Rc1 Nbd7 13.f4 Rfe8 14.g4 Nf8 15.g5 N6d7 16.Rf1 e5
17.Nf5 exf4 18.Nd5 Bxd5 19.cxd5 Qd8 20.Bxf4 Ne5 21.Bxe5 dxe5 22.d6 Bxg5 23.Rc7 g6
24.Qd5 Ne6 25.Rxf7 Kxf7 26.d7 gxf5 27.dxe8=Q+ Qxe8 28.exf5 Rd8 29.fxe6+ Kg8
30.Qxe5 Qe7 31.Kh1 Qc5 32.Qxc5 bxc5 33.Bc6 Kg7 34.Rf7+ Kg8 35.Be4 h6 36.b3 Re8
37.Bd5 Re7 38.Rf5 a5 39.Kg2 Kg7 40.Kf3 Bf6 41.Ke4 Ra7 42.Bc4 Bd4 43.Bb5 Kg6
44.Be8+ Kg7 45.Bd7 Bf6 46.Kd5 Kg6 47.Rf3  1-0

[Event "115th ch-NZL"]
[Site "Auckland NZL"]
[Date "2008.01.16"]
[Round "2"]
[White "Stuart,P"]
[Black "Goodhue,N"]
[Result "1/2-1/2"]
[WhiteElo "2114"]
[BlackElo "2083"]

1.c4 c5 2.Nf3 Nf6 3.Nc3 d5 4.cxd5 Nxd5 5.d4 cxd4 6.Qxd4 Nxc3 7.Qxc3 f6 8.e4 e5
9.Bb5+ Bd7 10.Bxd7+ Qxd7 11.O-O Nc6 12.Be3 Bb4 13.Qb3 Qf7 14.Qxf7+ Kxf7 15.Rfd1 Rhd8
16.Kf1 Ke6  1/2-1/2

[Event "6th Parsvnath Open"]
[Site "New Delhi IND"]
[Date "2008.01.18"]
[Round "8"]
[White "Saravanan,V1"]
[Black "Solodovnichenko,Y"]
[Result "1/2-1/2"]
[WhiteElo "2379"]
[BlackElo "2541"]

1.Nf3 c5 2.c4 Nf6 3.Nc3 e6 4.g3 b6 5.Bg2 Bb7 6.O-O Be7 7.Re1 d6 8.e4 Nbd7
9.d4 cxd4 10.Nxd4 Qc7 11.Be3 Rc8 12.Rc1 Qb8 13.b3 O-O 14.f4 a6 15.g4 Qa8
16.Bf2 g6 17.f5 gxf5 18.gxf5 e5 19.Nd5 Bd8 20.Nc2 Bxd5 21.cxd5 b5 22.Kh1 Kh8
23.Bf3 Qb7 24.Nb4 Rxc1 25.Qxc1 Ba5 26.a3 Rc8 27.Qh6 Bb6 28.Bh4 Ng8 29.Qd2 Bd8
30.Bf2 Nc5 31.Nc6 Bf6 32.b4 Nb3 33.Qb2 Nd4 34.Nxd4 exd4 35.Bxd4 Bxd4 36.Qxd4+ f6
37.Rg1 Qc7 38.Qb2 Qc2 39.Qd4 Qc3 40.Qf2 Nh6 41.Bh5 Qe5 42.Qh4 Rc4 43.Bf3 Qxf5
44.Qxh6 Qxf3+ 45.Rg2 Qf1+  1/2-1/2

[Event "ch-AZE"]
[Site "Baku AZE"]
[Date "2008.01.19"]
[Round "1"]
[White "Ibrahimov,R"]
[Black "Mamedov,Rau"]
[Result "1/2-1/2"]
[WhiteElo "2527"]
[BlackElo "2583"]

1.Nf3 c5 2.c4 Nf6 3.Nc3 e6 4.g3 d5 5.cxd5 Nxd5 6.Bg2 Be7 7.O-O O-O 8.d4 Nc6
9.Nxd5 exd5 10.dxc5 Bxc5 11.Bg5 Qd7 12.Ne1 d4 13.Nd3 Bb6 14.a4 Qf5 15.Bd2 Re8
16.a5 Bc7 17.a6 Bb6 18.Bf3 Bd7 19.axb7 Rab8 20.Rc1 Qb5 21.Qc2 Nd8 22.Bb4 Rxb7
23.Rfe1 g5 24.Bd6 Bf5 25.Bxb7 Nxb7 26.Ba3 h6 27.Qd2 Bh3 28.f3 Bf5 29.Kg2 a5
30.g4 Bg6 31.Qc2 Ba7 32.b3  1/2-1/2

[Event "6th Parsvnath Open"]
[Site "New Delhi IND"]
[Date "2008.01.20"]
[Round "10"]
[White "Himanshu,Sh"]
[Black "Praveen Kumar,C1"]
[Result "0-1"]
[WhiteElo "2398"]
[BlackElo "2255"]

1.Nf3 e6 2.c4 c5 3.Nc3 Nf6 4.d4 cxd4 5.Nxd4 a6 6.Nc2 Qc7 7.e4 d6 8.Be2 b6
9.O-O Bb7 10.f3 Nbd7 11.Qd2 Be7 12.b3 O-O 13.Bb2 Rac8 14.Ne3 Qb8 15.Rfd1 Nc5
16.Bf1 Bd8 17.g3 Bc7 18.Ncd5 exd5 19.Bxf6 Nd7 20.Bb2 dxe4 21.Nf5 f6 22.Ne7+ Kh8
23.Nxc8 Qxc8 24.fxe4 Nc5 25.Bg2 Nxe4 26.Qd4 Qa8 27.Rf1 b5 28.Rae1 Bb8 29.Qe3 Ba7
30.Bd4 Ng5 31.Re2 Bxg2 32.Rxg2 Re8 33.Bxa7 Rxe3 34.Bxe3 Nh3+ 35.Kh1 bxc4
36.bxc4 Qe4 37.Bf4 h5 38.Rc1 h4 39.Bxd6 Qd4 40.gxh4 Qxd6 41.c5 Qc6  0-1

[Event "Open"]
[Site "Marianske Lazne CZE"]
[Date "2008.01.24"]
[Round "7"]
[White "Johansson,An"]
[Black "Hlavnicka,Ja"]
[Result "0-1"]
[WhiteElo "2082"]
[BlackElo "1954"]

1.Nf3 Nf6 2.c4 c5 3.Nc3 b6 4.g3 Bb7 5.Bg2 g6 6.O-O Bg7 7.d4 cxd4 8.Qxd4 O-O
9.Qh4 d6 10.Bh6 Nbd7 11.Rac1 Rc8 12.b3 Rc5 13.Bxg7 Kxg7 14.Qd4 Qa8 15.Rfd1 Kg8
16.Ne1 Bxg2 17.Nxg2 Rfc8 18.Ne3 Nf8 19.Ned5 Nxd5 20.Nxd5 Qb7 21.a4 Ne6 22.Qh4 Re8
23.Rc3 Rcc8 24.Re3 a6 25.Qh6 b5 26.Rxe6 fxe6 27.Nf4 Qe4 28.Rd3 Qf5 29.axb5 axb5
30.Rf3 bxc4 31.e4 Qxe4 32.Re3 Qb1+ 33.Kg2 cxb3 34.Rxe6 Qf5 35.Rxg6+ hxg6
36.Nxg6 b2 37.Qh8+ Kf7 38.Qh7+ Kf6  0-1

[Event "6th ch-PriFO Men"]
[Site "Kazan RUS"]
[Date "2008.01.26"]
[Round "4"]
[White "Poniaev,R"]
[Black "Lushenkov,M"]
[Result "0-1"]
[WhiteElo "2305"]
[BlackElo "2458"]

1.c4 Nf6 2.Nc3 c5 3.Nf3 b6 4.d4 cxd4 5.Nxd4 Bb7 6.f3 d6 7.e4 e6 8.Be2 Be7
9.O-O O-O 10.Be3 a6 11.Qd2 Qc7 12.Rfc1 Nbd7 13.Bf1 Rac8 14.Rab1 Qb8 15.Kh1 Bd8
16.b4 Bc7 17.Bg1 Rfe8 18.a4 d5 19.cxd5 Bf4 20.Be3 Bxe3 21.Qxe3 exd5 22.Bd3 h6
23.Nf5 Qe5 24.Qd4 Qxd4 25.Nxd4 Ne5 26.Bf1 dxe4 27.fxe4 Rcd8 28.Nf3 Nxe4 29.Nxe5 Rxe5
30.Nxe4 Bxe4 31.Rd1 Rxd1 32.Rxd1 Bc2 33.Rd8+ Kh7 34.Kg1 Bxa4 35.Bxa6 b5 36.Bb7 Bb3
37.Kf2 g6 38.Bf3 Bc4 39.Rb8 Kg7 40.Rb6 Re7 41.Ra6 Rd7 42.Ke1 Rd3 43.Bd1 Rd4
44.Rb6 Bd3 45.Kd2 Bf5+ 46.Ke1 Rxb4 47.Be2 Rb1+ 48.Kf2 Bd7 49.Rb7 Be8 50.Rb8 Kf8
51.Rb7 Rb2 52.Ke3 Bc6 53.Rb8+ Ke7 54.g4 Bd5 55.h4 b4 56.h5 gxh5 57.gxh5 Kf6
58.Rb6+ Kg7 59.Bd3 Be6 60.Kf4 Rh2 61.Be4 b3 62.Rb5 Kf6  0-1

[Event "ch-Kyiv Men"]
[Site "Kyiv UKR"]
[Date "2008.01.29"]
[Round "9"]
[White "Chichkin,V"]
[Black "Dobrzhanskaya,I"]
[Result "1/2-1/2"]
[WhiteElo "2286"]
[BlackElo "2087"]

1.Nf3 Nf6 2.c4 c5 3.Nc3 g6 4.e4 d6 5.d4 cxd4 6.Nxd4 Bg7 7.Be2 Nc6 8.Be3 O-O
9.O-O Bd7 10.Qd2 a6 11.f3 Rb8 12.Rfd1 Qc7 13.Rac1 Nxd4 14.Bxd4 Rfc8 15.Qe3 Be6
16.Bb6 Qc6 17.Nd5 Bxd5 18.exd5 Qd7 19.b3 h5 20.Bd3 Kh7 21.Rc2 Re8 22.Re2 e6
23.dxe6 Rxe6 24.Bxg6+ Kg8 25.Be4 Rbe8 26.Qf4 Nxe4 27.Rxe4 Qc6 28.Bf2 Rxe4
29.fxe4 Rxe4 30.Qxd6 Qxd6 31.Rxd6 Re2 32.Rd8+ Kh7 33.Rd7 Rxa2 34.g3 b5 35.cxb5 axb5
36.Rb7 Ra5 37.Rxf7 Kg6 38.Ra7 Rxa7 39.Bxa7 Kf5 40.Kf2 Ke4 41.Ke2 Be5 42.Bf2 Bd6
43.h3 Be5 44.g4 hxg4 45.hxg4 Kf4 46.Kd3 Kxg4 47.Ke4 Bc3 48.Bd4 Be1 49.Kd5 Kf3
50.Bb6 Ke2 51.Kc5 Kd3 52.Kxb5 Kc3 53.Ka4 Kd3 54.Ba5 Bf2 55.Kb5 Kd4 56.Bb4 Kd5
57.Ba3 Bd4 58.Be7 Bc3 59.Bb4 Bd4 60.Be1 Bc5 61.Bd2 Bd6 62.Bb4 Be5 63.Kb6 Bd4+
64.Kb5 Be3 65.Be1 Bc5 66.Bg3 Be7 67.Bc7 Bc5 68.Bb6 Bd6 69.Ba5 Bc5 70.Bb4 Bd4
71.Ka6 Kc6 72.Bd2 Bc5 73.Bc3 Bd6 74.Ka5 Bc5 75.Ka6 Bd6 76.Ka5 Bc5 77.Bb4 Bxb4+
78.Kxb4 Kb6 79.Kc4 Kc6 80.b4 Kb6 81.b5 Kb7  1/2-1/2

[Event "13th HIT Open A"]
[Site "Nova Gorica SLO"]
[Date "2008.01.29"]
[Round "5"]
[White "Saric,A"]
[Black "Cebalo,M"]
[Result "1/2-1/2"]
[WhiteElo "2438"]
[BlackElo "2547"]

1.Nf3 c5 2.c4 Nf6 3.Nc3 g6 4.d4 cxd4 5.Nxd4 Nc6 6.e4 d6 7.Be2 Bg7 8.Be3 O-O
9.O-O Bd7 10.Qd2 Nxd4 11.Bxd4 Bc6 12.f3  1/2-1/2

[Event "6th ch-PriFO Men"]
[Site "Kazan RUS"]
[Date "2008.01.31"]
[Round "9"]
[White "Isajevsky,A"]
[Black "Novgorodskij,V"]
[Result "0-1"]
[WhiteElo "2469"]
[BlackElo "2370"]

1.c4 Nf6 2.Nc3 c5 3.Nf3 e6 4.d4 cxd4 5.Nxd4 Bb4 6.Nc2 Be7 7.Bf4 d6 8.g3 O-O
9.Bg2 Nc6 10.O-O Nh5 11.Be3 f5 12.Bc1 Nf6 13.b3 Ne5 14.e4 g6 15.Qe2 Nf7 16.exf5 gxf5
17.Bb2 Ne8 18.Nd4 Ng7 19.Rad1 Bf6 20.Ndb5 Qe7 21.Rfe1 a6 22.Nd4 Qd8 23.Qc2 Rb8
24.Nde2 Bd7 25.Nf4 b5 26.c5 dxc5 27.Bc6 Bd4 28.Nce2 e5 29.Bxd7 Qxd7 30.Nd3 Qd5
31.Nxc5 Ng5 32.Nxd4 exd4 33.Re7 Nf3+ 34.Kf1 Nxh2+ 35.Kg1 Nf3+ 36.Kf1 Rbe8
37.Rxe8 Rxe8 38.b4 Kh8 39.Qd3 Ne1  0-1

[Event "Velammal 45th National A ch-IND"]
[Site "Chennai IND"]
[Date "2008.02.10"]
[Round "8"]
[White "Sharma,RP"]
[Black "Arun,K"]
[Result "1-0"]
[WhiteElo "2314"]
[BlackElo "2313"]

1.Nf3 Nf6 2.c4 c5 3.Nc3 b6 4.g3 Bb7 5.Bg2 e6 6.O-O Be7 7.Re1 d6 8.e4 a6 9.d4 cxd4
10.Nxd4 Qc7 11.Be3 Nbd7 12.Rc1 O-O 13.f4 Rac8 14.b3 Nc5 15.Bf2 Qb8 16.Qe2 Bd8
17.b4 Ncd7 18.Bh3 Bc7 19.f5 exf5 20.Nxf5 Rce8 21.Qf1 Ne5 22.Bg2 g6 23.Ne3 Bd8
24.h3 Bc6 25.Nc2 Bd7 26.Nd4 Be7 27.Be3 Rc8 28.Nd5 Nxd5 29.exd5 Rc7 30.b5 axb5
31.cxb5 f5 32.Nc6 Bxc6 33.dxc6 Ra7 34.Rcd1 Bd8 35.Rd2 Bc7 36.Bd5+ Kg7 37.Qf4 Qe8
38.a4 Qe7 39.Kg2 Kh8 40.Ra1 Rfa8 41.Rda2 Ra5 42.Bd2 R5a7 43.Qf2 Qd8 44.h4 Rb8
45.Be3 Ra5 46.h5 Qf6 47.hxg6 Qxg6 48.Rh1 Rf8 49.Qf4 Qg7 50.Raa1 Raa8 51.Rxh7+ Qxh7
52.Rh1 Rf6 53.Rxh7+ Kxh7 54.Qh4+ Kg7 55.Qg5+ Ng6 56.Qh6+  1-0

[Event "Velammal 45th National A ch-IND"]
[Site "Chennai IND"]
[Date "2008.02.13"]
[Round "11"]
[White "Sharma,RP"]
[Black "Sanjay,N"]
[Result "1-0"]
[WhiteElo "2314"]
[BlackElo "2354"]

1.Nf3 c5 2.c4 Nf6 3.Nc3 e6 4.g3 b6 5.Bg2 Bb7 6.O-O Be7 7.Re1 a6 8.e4 d6 9.d4 cxd4
10.Nxd4 Qc7 11.Be3 Nbd7 12.Rc1 O-O 13.f4 Rfe8 14.g4 Nc5 15.Bf2 d5 16.cxd5 Qxf4
17.Bf3 exd5 18.Bg3 Qg5 19.exd5 Nxd5 20.Bxd5 Bxd5 21.Re5 Bb7 22.Rxg5 Bxg5
23.Rc2 Rad8 24.Bf2 Ne6 25.Re2 Nf4 26.Rxe8+ Rxe8 27.Nf3 Rd8 28.Nd4 Bf6 29.Kf1 Bxd4
30.Bxd4 Ne6 31.Qb3 Rxd4 32.Qxb6 Rd7 33.Na4 h5 34.gxh5 Nf4 35.Qe3 Rd3 36.Qe8+ Kh7
37.Nc5 Rd1+ 38.Kf2 Bg2 39.Ne4 Rf1+ 40.Kg3 Rf3+ 41.Kg4 f6 42.Nxf6+ gxf6 43.Qf7+ Kh8
44.Qxf6+ Kh7 45.Qe7+ Kh6 46.Qf6+ Kh7 47.Qxa6 Nd3 48.Qg6+ Kh8 49.Qe8+ Kh7
50.Kg5 Nf4 51.Qe7+ Kg8 52.Kh6 Nxh5 53.Qe8+ Rf8 54.Qg6+  1-0

[Event "79th ch-GER"]
[Site "Bad Woerishofen GER"]
[Date "2008.02.16"]
[Round "2"]
[White "Solonar,S"]
[Black "Salov,S"]
[Result "1/2-1/2"]
[WhiteElo "2371"]
[BlackElo "2279"]

1.Nf3 c5 2.c4 Nf6 3.Nc3 d5 4.cxd5 Nxd5 5.d4 Nxc3 6.bxc3 g6 7.e3 Bg7 8.Be2 O-O
9.O-O Qc7 10.Ba3 Nd7 11.Qb3 b6 12.Bb2 e6 13.a4 a6 14.Rfd1 Bb7 15.c4 cxd4
16.exd4 Rfd8 17.a5 Bc6 18.d5 Bxb2 19.Qxb2 exd5 20.cxd5 Bb5 21.axb6 Qxb6 22.Rab1 Bxe2
23.Qxe2 Qd6 24.Rbc1 Rdc8 25.Rc6 Rxc6 26.dxc6 Qxc6 27.Qe7 Nf8 28.Ng5 Qe8 29.Qb7 Rd8
30.Ra1 Qd7 31.Qxa6 Qd1+  1/2-1/2

[Event "67th ch-GEO KO"]
[Site "Tbilisi GEO"]
[Date "2008.02.16"]
[Round "1.2"]
[White "Pantsulaia,L"]
[Black "Kashashvili,A"]
[Result "1-0"]
[WhiteElo "2629"]
[BlackElo "2272"]

1.Nf3 c5 2.c4 Nf6 3.Nc3 e6 4.g3 b6 5.Bg2 Bb7 6.O-O Be7 7.d4 cxd4 8.Qxd4 Nc6
9.Qf4 O-O 10.Rd1 d6 11.b3 Rc8 12.Bb2 a6 13.Rac1 Rc7 14.Qe3 Nd7 15.Nd4 Na5
16.Bxb7 Nxb7 17.Ne4 Nbc5 18.Nf3 Nxe4 19.Qxe4 Nf6 20.Qe3 Qb8 21.Bxf6 Bxf6
22.Rxd6 Rxc4 23.Rcd1 Rc5 24.b4 Rb5 25.a3 a5 26.Qd3 Rh5 27.Qa6 Bd8 28.Rc6 Rd5
29.Rxd5 exd5 30.Qb5 axb4 31.axb4 Qa8 32.Qxd5 Be7 33.b5 Bc5 34.Qc4 h6 35.Kg2 Qa1
36.Nd2 Qe5 37.Ne4 Bd4 38.Qd3 f5 39.Qc4+ Kh7 40.Re6  1-0

[Event "XXIV Open"]
[Site "Cappelle La Grande FRA"]
[Date "2008.02.17"]
[Round "2"]
[White "Gulko,B"]
[Black "Kasparov,S"]
[Result "1/2-1/2"]
[WhiteElo "2550"]
[BlackElo "2458"]

1.Nf3 Nf6 2.c4 c5 3.Nc3 e6 4.d4 cxd4 5.Nxd4 a6 6.e4 Qc7 7.a3 d6 8.Be3 b6
9.Rc1 Bb7 10.f3 Nbd7 11.Be2 Be7 12.O-O O-O 13.b4 Rac8 14.Qd2 Qb8 15.Rc2 Rfe8
16.Kh1 Bd8 17.Rb1 Bc7 18.Bg1 Qa8 19.Nb3 Rcd8 20.a4 d5 21.exd5 exd5 22.c5 bxc5
23.bxc5 d4 24.Bxd4 Ne5 25.Qg5 h6 26.Qh4 Bc6 27.Qf2 Nd5 28.Nxd5 Rxd5 29.Rc3 Ng6
30.Bf1 Rh5 31.g3 Rf5 32.Nd2 Ba5 33.Re3 Rxe3 34.Qxe3 Bxd2 35.Qxd2 Bxf3+ 36.Kg1 Bc6
37.Qb2 Bxa4 38.Qb8+ Qxb8 39.Rxb8+ Kh7 40.Bxa6 Rd5 41.Rb4 Bc6 42.Bd3 Rd8 43.Kf2 Kg8
44.Be2 Kf8 45.h4 f6 46.Bc3 Ne7 47.Rb2 Nd5 48.Bd2 Ra8 49.Bf3 Ke7 50.h5 Ra3
51.Bg2 Ke6 52.Rc2 Kd7 53.Bh3+ Ke8  1/2-1/2

[Event "XXIV Open"]
[Site "Cappelle La Grande FRA"]
[Date "2008.02.17"]
[Round "2"]
[White "Butnorius,A"]
[Black "Chapman,T"]
[Result "1-0"]
[WhiteElo "2441"]
[BlackElo "2219"]

1.Nf3 Nf6 2.c4 c5 3.Nc3 e6 4.g3 b6 5.Bg2 Bb7 6.O-O Be7 7.Re1 Ne4 8.d4 Nxc3
9.bxc3 Be4 10.Bf1 Bxf3 11.exf3 O-O 12.d5 Bf6 13.Qc2 exd5 14.cxd5 d6 15.f4 Qc7
16.g4 c4 17.g5 Bd8 18.Be3 Nd7 19.Bd4 f6 20.h4 fxg5 21.fxg5 Ne5 22.Bg2 Rc8
23.Qe4 Nd3 24.Bh3  1-0